Effect of attack angles on droplet impact on textured metal surfaces: Droplet morphisms, surface tilt angles, droplet deformation; Experimental Thermal and Fluid Science; Vol. 150

Detalles Bibliográficos
Parent link:Experimental Thermal and Fluid Science.— .— Amsterdam: Elsevier Science Publishing Company Inc.
Vol. 150.— 2024.— Article number 111062, 11 p.
Autor Principal: Voytkova K. A. Kseniya Arturovna
Autor Corporativo: National Research Tomsk Polytechnic University (570)
Outros autores: Syrodoy S. V. Semen Vladimirovich, Kostoreva Zh. A. Zhanna Andreevna
Summary:Title screen
The experimental results of the water droplet impact on the tilted metal substrates are given. To establish the effect of the texture on the spreading of droplets, parallel-directed scratches were applied using a grinding machine. To analyze the shape of water droplets after impingement, topological-based data analysis (TDA) was used. The TDA showed that the droplet could be represented as a group of trivial topological structures: spheres, discs, and hemispheres. The latter creates the prerequisites for the development of relatively simple mathematical models that describe the complex processes of liquid droplets impacting on tilted, textured substrates. Moreover, the time dependence of the droplet contact line (L) and the left and right contact angles (LCA and RCA) on a textured surface were established. It was shown that anisotropic modification of the substrate has a significant effect on the characteristics and conditions of the spreading of the coolant droplets
Текстовый файл
AM_Agreement
Idioma:inglés
Publicado: 2024
Subjects:
Acceso en liña:https://doi.org/10.1016/j.expthermflusci.2023.111062
Formato: MixedMaterials Electrónico Capítulo de libro
KOHA link:https://koha.lib.tpu.ru/cgi-bin/koha/opac-detail.pl?biblionumber=675894

MARC

LEADER 00000naa0a2200000 4500
001 675894
005 20260126150455.0
090 |a 675894 
100 |a 20241028d2024 k||y0rusy50 ba 
101 0 |a eng 
102 |a NL 
135 |a drcn ---uucaa 
181 0 |a i   |b  e  
182 0 |a b 
183 0 |a cr  |2 RDAcarrier 
200 1 |a Effect of attack angles on droplet impact on textured metal surfaces: Droplet morphisms, surface tilt angles, droplet deformation  |f K. A. Voytkova, S. V. Syrodoy, Zh. A. Kostoreva 
203 |a Текст  |b визуальный  |c электронный 
283 |a online_resource  |2 RDAcarrier 
300 |a Title screen 
320 |a References: 37 tit 
330 |a The experimental results of the water droplet impact on the tilted metal substrates are given. To establish the effect of the texture on the spreading of droplets, parallel-directed scratches were applied using a grinding machine. To analyze the shape of water droplets after impingement, topological-based data analysis (TDA) was used. The TDA showed that the droplet could be represented as a group of trivial topological structures: spheres, discs, and hemispheres. The latter creates the prerequisites for the development of relatively simple mathematical models that describe the complex processes of liquid droplets impacting on tilted, textured substrates. Moreover, the time dependence of the droplet contact line (L) and the left and right contact angles (LCA and RCA) on a textured surface were established. It was shown that anisotropic modification of the substrate has a significant effect on the characteristics and conditions of the spreading of the coolant droplets 
336 |a Текстовый файл 
371 0 |a AM_Agreement 
461 1 |t Experimental Thermal and Fluid Science  |c Amsterdam  |n Elsevier Science Publishing Company Inc. 
463 1 |t Vol. 150  |v Article number 111062, 11 p.  |d 2024 
610 1 |a электронный ресурс 
610 1 |a труды учёных ТПУ 
610 1 |a droplet 
610 1 |a morphisms 
610 1 |a deformation 
700 1 |a Voytkova  |b K. A.  |c specialist in the field of heat and power engineering  |c engineer assistant of Tomsk Polytechnic University  |f 1994-  |g Kseniya Arturovna  |9 23069 
701 1 |a Syrodoy  |b S. V.  |c specialist in the field of thermal engineering  |c Professor of Tomsk Polytechnic University, Doctor of Technical Sciences  |f 1988-  |g Semen Vladimirovich  |9 18392 
701 1 |a Kostoreva  |b Zh. A.  |c Specialist in the field of heat and power engineering  |c Engineer of Tomsk Polytechnic University  |f 1994-  |g Zhanna Andreevna  |y Tomsk  |9 22104 
712 0 2 |a National Research Tomsk Polytechnic University  |c (2009- )  |9 27197  |4 570 
801 0 |a RU  |b 63413507  |c 20241028 
850 |a 63413507 
856 4 |u https://doi.org/10.1016/j.expthermflusci.2023.111062  |z https://doi.org/10.1016/j.expthermflusci.2023.111062 
942 |c CR